00405nam a22001577a 4500003000400000008004100004020001500045082002100060100001600081245004300097260004400140300001200184650002000196650001400216650001700230OSt250403b |||||||| |||| 00| 0 eng d a8187125780 a330.015195bU66A aUpender, M. aApplied Econometrics / cby M. Upender a.- Delhib: Vrinda Publicationsc, 2023 ax,229p. aSocial Sciences aEconomics aEconometrics